00329nam a2200121Ia 4500008004100000041000800041082001600049100001300065245007600078260000900154365001600163700002800179230718s9999 xx 000 0 und d aeng a327.16bSIN aSingh J. aConflict And DiplomacybUs And The Birth Of Bangladesh Pakistan Divides bRupa cRs.b395.00 aSingh J. & Bhatia S. P.